00638nam a2200181Ia 4500001000900000003000500009005001700014008004100031020001800072040000900090082001300099100003900112245015800151260003500309300001100344500000800355650009300363dia_3600CHAP20251021145443.0220601s9999 xx 000 0 und d a958-80-1787-4 cCHAP a370.2 M3 aMalagón Malagón, Felix Antonio aPlanificación institucional en la educación, un reto estrategico de cambio para los gerentes educativos innovadores/Felix Antonio Malagón Malagón aBogota, Colombia: Panamericana a284 p. aC/e a1. Educación-Planificación2. Administración escolar3. Planificación educativaÌ